¿Del poscapitalismo al postrabajo?/
محفوظ في:
| المؤلف الرئيسي: | |
|---|---|
| التنسيق: | كتاب |
| اللغة: | Spanish |
| الوصول للمادة أونلاين: | texto completo desde el sitio de la revista |
| الوسوم: |
إضافة وسم
لا توجد وسوم, كن أول من يضع وسما على هذه التسجيلة!
|
MARC
| LEADER | 00000nam a22000007a 4500 | ||
|---|---|---|---|
| 003 | cru CIDCACS/IIS | ||
| 005 | 20190920062534.0 | ||
| 007 | ta | ||
| 008 | 190918s2019 ag |||p|r||||||0| ||spa|d | ||
| 999 | |c 42360 |d 42360 | ||
| 040 | |c cru CIDCACS/IIS | ||
| 100 | 1 | |a Subirats, Joan |9 8534 | |
| 245 | 1 | 1 | |a ¿Del poscapitalismo al postrabajo?/ |c Joan Subirats |
| 300 | |a páginas 34-48 | ||
| 773 | 0 | |0 19022 |9 2892 |a Fundación Friedrich Ebert |d Fundación Friedrich Ebert; Nueva Sociedad |o 17018 |t Nueva Sociedad / | |
| 856 | |u https://www.nuso.org/media/articles/downloads/1.TC_Subirats_279.pdf |y texto completo desde el sitio de la revista | ||
| 942 | |2 ddc |c PP | ||
